000 01565 a2200229 4500
001 146
005 20260407155413.0
008 260407a2003 arg spa d
003 AR-UNSa-BCEJYS
040 _aAR-UNSa-BCEJYS
_bspa
_cAR-UNSa-BCEJYS
080 _a657.312
_xTipo de presupuestos
245 1 0 _aPresupuestos con Microsoft Excel
_pnociones básicas
020 _a978-987-1046-21-8
264 1 _c2003
300 _a142 p.
_c21 cm
505 _a1. Introducción - 2. Nociones básicas - 3. El proceso presupuestario - 4. Implementación de presupuestos - 5.Ventajas y limitaciones - 6. El presupuesto como técnica de control - 7. Esquema presupuestario - 8. Presupuesto económico - 9. Presupuesto de ventas (o de prestación de servicios) - 10. Presupuesto de producción y compras - 11. Presupuesto de costos de compras - 12. Seguimiento del presupuesto de ventas y compras - 13. Presupuesto de costo y producción - 14. El presupuesto de costos administrativos, comerciales y financieros - 15. Presupuesto financiero - 16. Presupuesto de inversiones - 17. La inflación y los presupuestos - 18. Presupuesto en moneda constante - 19. Presupuesto en moneda corriente - 20. Presupuesto en moneda extranjera - 21. Presupuesto en moneda base - 22. Otra forma de pensar el presupuesto: el presupuesto en base cero
041 _aspa
942 _cBK
590 _aniveau_biblio:m niveau_hierar:0
100 1 _aRodríguez, Mariano
856 4 1 _uhttps://biblioeco.unsa.edu.ar/pmb/images/libros/Presupuestos con excel2-l117377.jpg
_yImagen de portada
_qimage/jpeg
999 _c115
_d115